000 00413nam a2200145Ia 4500
008 240729s9999 xx 000 0 und d
022 _a2744-1741
245 0 _aDefense and Security Studies
260 _aBosnia and Herzegovina
260 _bResearch and Development Academy
650 _aMilitary Science
856 _uhttps://doaj.org/toc/bcdbe6f81ec949309264c2b801163281
942 _2ddc
942 _cDOAJEJ
999 _c66103
_d66103
945 _a1
_bMadushi Gamage
_c1
_dMadushi Gamage